Nanna maga gurudatta. (Record no. 98096)

MARC details
000 -LEADER
fixed length control field 00613nam a2200217Ia 4500
003 - CONTROL NUMBER IDENTIFIER
control field OSt
005 - DATE AND TIME OF LATEST TRANSACTION
control field 20260513095750.0
008 - FIXED-LENGTH DATA ELEMENTS--GENERAL INFORMATION
fixed length control field 210210b1988 xxu||||| |||| 00| 0 eng d
040 ## - CATALOGING SOURCE
Transcribing agency AL
041 ## - LANGUAGE CODE
Language code of text/sound track or separate title Kannada
082 ## - DEWEY DECIMAL CLASSIFICATION NUMBER
Classification number 791.43092K VASN
100 ## - MAIN ENTRY--PERSONAL NAME
Personal name VASANTI PADUKONE.
Dates associated with a name ವಸಂತಿ ಪಡುಕೋಣೆ
9 (RLIN) 263864
245 ## - TITLE STATEMENT
Title Nanna maga gurudatta.
Remainder of title ನನ್ನ ಮಗ ಗುರುದತ್ತ
250 ## - EDITION STATEMENT
Edition statement 3
260 ## - PUBLICATION, DISTRIBUTION, ETC.
Place of publication, distribution, etc. Dharavada
Name of publisher, distributor, etc. Manohara Granthamala
Date of publication, distribution, etc. 1988
300 ## - PHYSICAL DESCRIPTION
Extent xiv,104
650 ## - SUBJECT ADDED ENTRY--TOPICAL TERM
Topical term or geographic name entry element Gurudatta padukone
9 (RLIN) 263865
690 ## - LOCAL SUBJECT ADDED ENTRY--TOPICAL TERM (OCLC, RLIN)
Topical term or geographic name as entry element Biography
9 (RLIN) 263866
906 ## - LOCAL DATA ELEMENT F, LDF (RLIN)
a 049271
942 ## - ADDED ENTRY ELEMENTS (KOHA)
Source of classification or shelving scheme Dewey Decimal Classification
Koha item type Book
Holdings
Withdrawn status Lost status Source of classification or shelving scheme Damaged status Not for loan Collection code Home library Current library Shelving location Date acquired Cost, normal purchase price Total Checkouts Full call number Barcode Date last seen Price effective from Koha item type
    Dewey Decimal Classification     Others St Aloysius Library St Aloysius Library   02/17/2021 20.00   791.43092K VASN 049271 02/17/2021 02/17/2021 Book